| 000 | 00643nam a2200217 a 4500 | ||
|---|---|---|---|
| 999 |
_c2230 _d2230 |
||
| 001 | 011262088 | ||
| 003 | UkOxU | ||
| 005 | 20230403121520.0 | ||
| 008 | 950403r19931991enk 000 1 eng d | ||
| 020 | _a9780140361292 | ||
| 040 |
_cSTD _dKH8 |
||
| 082 | _a823.914 WIL | ||
| 100 | 1 |
_aWilson, Jacqueline. _eauthor |
|
| 245 | 1 | 4 |
_aThe werepuppy / _cJacqueline Wilson ; illustrated by Janet Robertson |
| 260 |
_aLondon : _bPuffin, _c1993, c1991 |
||
| 300 |
_a128 pages : _b illustrations _c 20 cm. |
||
| 500 | _aFirst published: London : Blackie, 1991 | ||
| 650 | _aChildren's stories | ||
| 700 | 1 |
_aRobertson, Janet. _eill |
|
| 942 |
_2ddc _cNFIC |
||